Skúšobné a kontrolné značky francúzskych chladných zbraní

Podrobná bibliografia
Hlavný autor: Habáň, Pavel, 1952- (Autor)
Médium: Článok
Jazyk:slovenčina
Fyzický popis:Fotogr.
ISSN:1335-5740
Predmet:

MARC

LEADER 00000nab a2200000 ar4500
001 vtls008631147
003 SK-MaSNL
005 20260304133917.0
008 250505c2005 xo zr|p|||||||000 b|slo
015 |a SNBRB2006/03  |2 snkbucl 
035 |a (uuid)a426c235-2ed9-432a-9df6-4b75faabd2b5 
035 |a urn:nbn:sk:snk-ab24dh 
035 |a (urnnbn)urn:nbn:sk:snk:ar-a01l9h 
038 |a SNKBUCL 
040 |a SNKBUCL  |b slo  |c SNKBUCL  |e AACR2 
041 0 |a slo 
044 |a xo  |c SK 
080 |a 623.444:003.65  |x (44)  |2 1997 
080 |a 003.65  |x (44)  |2 1997 
100 1 |a Habáň, Pavel,  |d 1952-  |4 aut  |9 251217 
245 1 0 |a Skúšobné a kontrolné značky francúzskych chladných zbraní  |c Pavel Habáň 
300 |b Fotogr. 
650 0 7 |a chladné zbrane  |2 snkbucl  |9 28988 
650 0 7 |a označovanie zbraní  |2 snkbucl  |9 1451269 
651 7 |a Francúzsko  |2 snkbucl  |9 15907 
773 0 |t Zbrane, strelci a lovci  |g Roč. VI, č. 5 (2005), s. 42-44  |x 1335-5740 
850 |a Slovenská národná knižnica 
852 |a Slovenská národná knižnica 
954 |a odborná, vedecká literatúra pôvodná (slovenská)  |2 lita 
958 |a article27 
958 |a FR 
958 |a OND 
958 |a EUIPO 
999 |c 2904294  |d 2906224